000
00256nmm a2200085Ia 4500
008
220120s9999||||xx |||||||||||||||||und||
100
_a
Digit
245
0
_a
80 plus classic games, armored fist 3, max paune, half life,
260
_a
Nine dot nine interactive ltd.
999
_c
139806
_d
139806